ROLE MODEL - Rx - Statistics

General Stats
  • This quiz has been taken 15 times
  • The average score is 8 of 11
Answer Stats
Rx % Correct
6 masturbation song
93%
11 rx
93%
3 forever&more
86%
7 neverletyougo
71%
4 save a seat
71%
8 stripclub music
71%
1 die for my bitch
64%
5 if jesus saves, she's my type
64%
2 who hurt you
64%
10 can you say the same
57%
9 life is funny
57%
No matching quizzes found
Score Distribution
Percent of People with Each Score
Percentile by Number Answered
Your Score History
You have not taken this quiz